000
00221nam a22000857a 4500
008
160818b xxu||||| |||| 00| 0 eng d
100
_9
171
_a
Malhotra, S.S
245
_a
Mental Mathematics - 5
260
_a
New Delhi
_b
Holy Faith
999
_c
2829
_d
2829